Missing Word: Marvel Characters (A-Z) Quiz Stats

Quiz Updated Sep 1, 2016

Challenge
Share
Tweet
Embed
Score 0/26 Timer 03:00
2 Plays Today
Hint Answer % Correct
Spider-_____Man
96.2%
_____ AmericaCaptain
96.1%
_____-ManAnt
90.8%
Ghost _____Rider
89.6%
_____ TorchHuman
89.3%
Mary _____ WatsonJane
89.2%
_____ StrangeDoctor
89.1%
_____ StarkTony
87.5%
Professor _____X
87.4%
_____ SurferSilver
85.8%
_____ FuryNick
81.8%
Black _____Widow
81.4%
Black _____Panther
78.2%
Hint Answer % Correct
Green _____Goblin
77.3%
Doctor _____Octopus
71.2%
_____ WomanInvisible
69.6%
_____ CageLuke
65.5%
White _____Queen
60.7%
Emma _____Frost
56.8%
_____ PrydeKitty
54%
_____ JackUnion
41.6%
Captain _____Britain
37.9%
_____ the RedErik
35.9%
_____ ClawYellow
31%
Agent _____Zero
30.6%
Rafael _____Vega
5.3%

Today's Daily Dose

You're not logged in!

Compare scores with friends on all Sporcle quizzes.
Join for Free
OR
Log In

You Might Also Like...

Show Comments

Extras

Top Quizzes Today


Score Distribution

Your Account Isn't Verified!

In order to create a playlist on Sporcle, you need to verify the email address you used during registration. Go to your Sporcle Settings to finish the process.

Report this User

Report this user for behavior that violates our Community Guidelines.

Details: